000 00396nam a2200133Ia 4500
008 220217s9999 xx 000 0 und d
245 0 _aSpecification for automotive hydraulic brake hose
260 _aNew Delhi
260 _c1973
_bISI
490 _aAutomotive &Aircraft Rubber Parts Subcom, CDC 6:6
500 _aStandard number: IS 7079
650 _aRubber hydraulic brake hose
942 _cST
999 _c73909
_d73909